Normal view
MARC view
- ابو رحمة، مروان، م مشارك حمزة العلوان، م مشارك حمزه درادكة
Entry Personal Name
001 - CONTROL NUMBER
- control field: 51149
003 - CONTROL NUMBER IDENTIFIER
- control field: JO-AjAnu
005 - DATE AND TIME OF LATEST TRANSACTION
- control field: 20230606082421.0
008 - FIXED-LENGTH DATA ELEMENTS
- fixed length control field: 230606|| aca||aabn | a|a d
040 ## - CATALOGING SOURCE
- Original cataloging agency: JO-AjAnu
- Transcribing agency: JO-AjAnu
100 ## - HEADING--PERSONAL NAME
- Personal name: ابو رحمة، مروان، م مشارك حمزة العلوان، م مشارك حمزه درادكة
670 ## - SOURCE DATA FOUND
- Source citation: Work cat.: (JO-AjAnu)26143: ابو رحمة، مروان، م مشارك حمزة العلوان، م مشارك حمزه درادكة , author, مبادئ ادارة الفنادق